Poistenie nie sú vyhodené peniaze
Riziká v cestnej nákladnej doprave. Povinné poistenia súvisiace s cestnou nákladnou dopravou. Povinné zmluvné poistenie. Poistenie zodpovednosti dopravcov. Poistenie liečebných nákladov v zahraničí. Dobrovoľné poistenia v cestnej nákladnej doprave.
Gespeichert in:
| 1. Verfasser: | |
|---|---|
| Weitere Verfasser: | |
| Format: | Buchkapitel |
| Sprache: | Slowakisch |
| Schlagworte: | |
| Tags: |
Keine Tags, Fügen Sie das erste Tag hinzu!
|
MARC
| LEADER | 00000naa$a2200000$$$4500 | ||
|---|---|---|---|
| 001 | 0114659 | ||
| 005 | 20230731081801.0 | ||
| 041 | 0 | |a slo | |
| 044 | |a SK | ||
| 245 | 1 | 0 | |a Poistenie nie sú vyhodené peniaze |c Tomáš Moravčík, Jaroslava Kirnerová |
| 520 | |a Riziká v cestnej nákladnej doprave. Povinné poistenia súvisiace s cestnou nákladnou dopravou. Povinné zmluvné poistenie. Poistenie zodpovednosti dopravcov. Poistenie liečebných nákladov v zahraničí. Dobrovoľné poistenia v cestnej nákladnej doprave. | ||
| 610 | 2 | 0 | |a poistenie povinné zmluvné |
| 610 | 2 | 0 | |a poistenie dobrovoľné |
| 610 | 2 | 0 | |a poistenie havarijné |
| 610 | 2 | 0 | |a poistenie zodpovednosti za škody |
| 610 | 2 | 0 | |a poistenie dopravné |
| 610 | 2 | 0 | |a doprava cestná nákladná |
| 100 | 1 | |a Moravčík, Tomáš | |
| 700 | 1 | |a Kirnerová, Jaroslava | |